000 00523nam a22001817a 4500
005 20251108165005.0
008 250721s1980 xx 000 0 ara d
082 1 4 _a811.962/مصط
100 1 _aبدوي، مصطفى بهجت
245 1 0 _aأوراق من قضية العمر الحالم :
_bشعر /
264 1 _aبيروت :
_bدار الوحدة،
_c1980.
300 _a73ص
650 1 7 _aالشعر العربي
650 1 7 _aالعصر الحديث
650 1 7 _aمصر
942 _2ddc
_cBK
999 _c19262
_d19262